Automatizované zkoušení elektrických strojů
Gespeichert in:
| Hauptverfasser: | , |
|---|---|
| Format: | Buch |
| Sprache: | Tschechisch |
| Veröffentlicht: |
Praha :
SNTL,
1985
|
| Tags: |
Keine Tags, Fügen Sie das erste Tag hinzu!
|
MARC
| LEADER | 00000nam a22000003a 4500 | ||
|---|---|---|---|
| 001 | stu54418 | ||
| 005 | 20150617225704.9 | ||
| 008 | 000622s1985----cs------------------cze-d | ||
| 040 | |a STU |b slo | ||
| 041 | 0 | |a cze | |
| 044 | |a cs | ||
| 080 | |a 621.313-192 | ||
| 080 | |a 681.3 | ||
| 100 | 1 | |a Pavlásek, František |4 aut | |
| 245 | 1 | |a Automatizované zkoušení elektrických strojů | |
| 260 | |a Praha : |b SNTL, |c 1985 | ||
| 300 | |a 172 s | ||
| 700 | 1 | |a Pivoňka, Pavel |4 aut | |
| 996 | |b 284V025719 |c V*33549/O-13686 |l VVS |s A |a 24 |w stu54418_0001 | ||
| 996 | |b 284V025720 |c V*33550/O-13686a |l VVS |s A |a 24 |w stu54418_0002 | ||
| 996 | |b 284EK83354 |c E*83354 |l EE0101 |s P |a 0 |w stu54418_0003 | ||
| 996 | |b 284EK83381 |c E*83381 |l EE01 |s A |a 24 |w stu54418_0004 | ||
| 996 | |b E56807 |c E*56807 |l EE05 |s P |a 0 |w stu54418_0005 | ||
| 996 | |b E59486 |c E*59486 |l EE05 |s P |a 0 |w stu54418_0006 | ||